000 00596 a2200241 4500
260 _aDakar
260 _aAbidjan
260 _aLomé
260 _bLes Nouvelles Editions Africaines
245 _aQuel théâtre pour le développement en Afrique ?
300 _a149p.
260 _c1985
300 _bcouv. ill.
130 _lFr
710 _aInstitut Culturel Africain (ICA)
651 _aAfrique noire
690 _athéâtre négro-africain
690 _athéâtre politique
690 _adéveloppement culturel
020 _a2-7236-0905-7
999 _c21198
_d21198